Nienaruszalna Dwudziestka Ósemka (Harry Potter) - Statystyki

Ogólne statystyki
  • Ten quiz został rozwiązany 61 razy
  • Średni wynik to 10 z 28
Statystyki odpowiedzi
Ród % Poprawnych
Malfoy
96%
Black
91%
Weasley
81%
Lestrange
70%
Longbottom
57%
Parkinson
47%
Gaunt
43%
Crouch
40%
Abbott
34%
Carrow
34%
Slughorn
34%
Nott
32%
Yaxley
30%
Greengrass
28%
Ollivander
28%
Prewett
28%
Avery
23%
Bulstrode
21%
Flint
21%
Rosier
21%
Shacklebolt
21%
Travers
21%
Macmillan
19%
Burke
17%
Fawley
17%
Rowle
17%
Selwyn
15%
Shafiq
15%
Nie znaleziono quizów pasujących do podanych kryteriów
Rozkład punktacji
Procent ludzi z każdym wynikiem
Percentyl według liczby udzielonych odpowiedzi
Twoja historia wyników
Nie rozwiązałeś tego quizu